S08 駅名クイズ - 西武鉄道 ver. - Statistics

General Stats
  • This quiz has been taken 330 times
  • The average score is 75 of 105
Answer Stats
Number Answer % Correct
SI01 池袋
97%
SI06 練馬
97%
SI17 | SS22 所沢
95%
SI36 西武秩父
93%
SS01 西武新宿
91%
SI18 西所沢
90%
SI26 飯能
90%
SI39 豊島園
90%
SS36 拝島
90%
SI10 石神井公園
88%
SK01 | ST01 国分寺
88%
SI37 小竹向原
86%
SS02 高田馬場
86%
SI27 東飯能
85%
SK06 西武園
85%
SI02 椎名町
83%
SI12 保谷
83%
SI15 清瀬
83%
SI41 | SY03 西武球場前
83%
SS29 本川越
83%
ST07 | SY01 多摩湖
83%
SI16 秋津
82%
SI23 入間市
81%
SI31 吾野
81%
SS26 狭山市
81%
SK05 | SS21 東村山
80%
SI03 東長崎
79%
SI04 江古田
78%
SI05 桜台
78%
SI11 大泉学園
78%
SI13 ひばりヶ丘
78%
SI09 練馬高野台
77%
SI38 新桜台
77%
SI07 中村橋
76%
SI19 小手指
76%
SS23 航空公園
76%
SW06 是政
76%
SS13 上石神井
75%
SS19 小平
75%
SI35 横瀬
74%
SW01 武蔵境
74%
SI14 東久留米
72%
SI30 東吾野
72%
SS17 田無
71%
SS24 新所沢
71%
SS09 鷺ノ宮
68%
SI24 仏子
67%
SS18 花小金井
67%
SI25 元加治
66%
SI32 西吾野
65%
SI33 正丸
65%
SI40 下山口
65%
SS04 中井
65%
SS08 都立家政
65%
SS27 新狭山
65%
SY02 西武園ゆうえんち
65%
SI08 富士見台
64%
SS33 玉川上水
64%
SI20 狭山ヶ丘
63%
SI22 稲荷山公園
63%
SS10 下井草
63%
SS35 西武立川
63%
SI28 高麗
62%
SS05 新井薬師前
61%
SS12 上井草
61%
SK04 | SS31 小川
61%
SK02 恋ヶ窪
61%
SS03 下落合
60%
SS11 井荻
60%
SS28 南大塚
60%
SS30 | ST04 萩山
59%
SS07 野方
58%
SS14 武蔵関
57%
SS16 西武柳沢
57%
SI34 芦ヶ久保
56%
SS15 東伏見
56%
SS25 入曽
56%
SW05 競艇場前
56%
SI21 武蔵藤沢
54%
SS06 沼袋
54%
SW03 多磨
54%
SS32 東大和市
53%
ST02 一橋学園
53%
SW04 白糸台
53%
SI29 武蔵横手
51%
SS20 久米川
51%
ST03 青梅街道
44%
SW02 新小金井
44%
SS34 武蔵砂川
43%
SK03 鷹の台
40%
ST05 八坂
38%
ST06 武蔵大和
38%
No matching quizzes found
Score Distribution
Percent of People with Each Score
Percentile by Number Answered
Your Score History
You have not taken this quiz